| 000 | 00687nam a2200241Ia 4500 | ||
|---|---|---|---|
| 003 | OSt | ||
| 005 | 20220918174253.0 | ||
| 006 | a|||||r|||| 00| 0 | ||
| 007 | ta | ||
| 008 | 220917b |||||||| |||| 00| 0 eng d | ||
| 024 | _a11,332 | ||
| 037 | _cTextual | ||
| 040 |
_aARTS _cARTS _beng |
||
| 041 |
_2eng _aeng |
||
| 082 | _aM41188vN75<-N45, L6 | ||
| 100 |
_aTurner Ralph _949765 |
||
| 245 | 0 |
_aContemporary jewlry _b a critical assessment 1945-75 |
|
| 260 |
_aLondon _bGassell and Collier Macmillan _c1976 |
||
| 300 |
_a208p. illus _ccm. |
||
| 650 | _aINDUSTRIAL ARTS | ||
| 942 |
_hM41188vN75<-N45, L6 _cTEXL _2CC |
||
| 999 |
_c152444 _d152444 |
||